Statistics for Products, services and places advertised on Tim and Eric: Awesome Show, Great Job!

Click here to take the quiz!

General Stats

  • This quiz has been taken 18 times
  • The average score is 16 of 31

Answer Stats

HintAnswer% Correct
Bat+Owl dress-up doll for kidsB'owl
100%
Extremely sketchy rental service for children who perform circus actsChild Clown Outlet
86%
Restaurant where a certain condiment is stolen from patronsGravy Robbers
86%
Tobacco-laced beverageCigarette Juice
79%
Works just like catnip, but for menMan Nip
79%
A replacement life-like grandfatherMy New Pep Pep
71%
Real horsehair candy dipped ponytailsCandy Tails
64%
Diarrhea-catching pantsCinco D-Pants
64%
Miracle drug that shortens wait times, Eric overdoses on itWaitMate
64%
Revolutionary phone that makes, but does not receive calls, and is large and heavy for durabilityCinco Phone
57%
Digital deer umpireD'ump
57%
Electronic alternative to actual criminal trialE-Trial
57%
Implement that allows user to defecate standing upPoop Tube
57%
Method of making art using your own catPussy Doodles
57%
Miniature hats for small men, babies and dollsTiny Hats
57%
Fierce statue that turns imaginary fears into a real oneB'ougar
50%
Fruit sleep inducer that wakes you with mild diarrheaThe Napple
50%
Thong sock that will spice up your wardrobeThocks
50%
Tanning system for the eyes, prior tooth pulling requiredCinco Eye Tanning System
43%
Indexed entries on all known numbersEncyclopedia of Numbers
43%
Insane new toy driving kids wild, even dispenses edible O HungeeI-JAMMER
43%
Tiny vs Big PricesDiscount Prices vs Premium Prices
36%
Dr. Steve Brule's self-defense systemLast Resort Fighting
36%
All of the magic of the Internet in a safe-virus free CD ROMThe Internette
36%
Diarrhea inducing lotionEZ Kreme
29%
Mattress store where you'll fall asleep before your head hits the mattressLazy Horse Mattress Supply
29%
Convenient on-the-go shower systemCinco Urinal Shower
21%
Solution to leaky bowels which almost ruins Baseball Man's weddingDiarrheaphragm
21%
Testicle implant for added male pizazz3 T Scrot
14%
Way to watch your friends sleep, includes electroshock and toilet holeSleepwatching Chair
14%
Featured on the Tragg's Trough Cooking showBrown Slop
7%

Score Distribution

Percentile by Number Answered

Percent of People with Each Score

Your Score History

You have not taken this quiz